| 000 | 01112nas a2200337 4500 | ||
|---|---|---|---|
| 001 | BR2022000601 | ||
| 003 | BR-BrBNA | ||
| 005 | 20231205132256.0 | ||
| 007 | ta | ||
| 008 | 230509b bl.|||p| |||| 00| 00por d | ||
| 040 |
_aBR-BrBNA _bpor _cBiblioteca Nacional de Agricultura |
||
| 041 | _a(Pt) | ||
| 072 | _aF60 | ||
| 100 | 1 | _aSilveira, L. da | |
| 100 | 1 | _aSecco, D. | |
| 100 | 1 | _aSantos, R.F. | |
| 100 | 1 | _aMuller, F. | |
| 100 | 1 | _aLewandoski, C.F. | |
| 100 | 1 | _aBueno, P. de L. | |
| 245 | 1 | _aPotencial alelopático de Citronela (Cymbopogon)sob a germinação, emergência e desenvolvimento inicial de plantas de cártamo (Carthamus tinctorius L.) | |
| 650 | _aAÇAFRÃO | ||
| 650 | _aALELOPATIA | ||
| 650 | _aDIFICIÊNCIA HÍDRICA | ||
| 650 | _aPROPRIEDADE FISICO-QUÍMICA | ||
| 650 | _aCITRONELA | ||
| 650 | _aFISIOLOGIA VEGETAL | ||
| 773 | 0 |
_tActa Iguazu (Brazil) _xISSN 2316-4093 _g(2016), v. 5(3) p. 25-38 _wBR2022000601 |
|
| 856 | 4 | 0 | _uhttps://e-revista.unioeste.br/index.php/actaiguazu/article/view/15553/10455 |
| 909 |
_a202311 _bLúcia _c55 _dLúcia Elande |
||
| 942 |
_2AGRIS _n0 _cANA |
||
| 999 |
_c259436 _d259436 |
||